000 00322nam a2200133Ia 4500
008 220216s9999 xx 000 0 und d
100 _aMani J.
245 0 _aRubber wood good substitute for timber
260 _bRubber Asia
_c1994
300 _a106-108
650 _aRubber wood
650 _aTimber source
942 _cBS
999 _c49899
_d49899